ARRUPE JESUIT UNIVERSITY

CORONAVIRUS -STOP THE SPREAD - CLEAN,DISINFECT,COVER

Roget's international thesaurus. (Record no. 130130)

MARC details
000 -LEADER
fixed length control field 00932cam a2200277 a 4500
001 - CONTROL NUMBER
control field 1086568
003 - CONTROL NUMBER IDENTIFIER
control field ARRUPE
005 - DATE AND TIME OF LATEST TRANSACTION
control field 20200113120810.0
008 - FIXED-LENGTH DATA ELEMENTS--GENERAL INFORMATION
fixed length control field 920204s1992 nyu d 001 0 eng
010 ## - LIBRARY OF CONGRESS CONTROL NUMBER
LC control number 92007615
020 ## - INTERNATIONAL STANDARD BOOK NUMBER
International Standard Book Number 0062700146 (indexed)
020 ## - INTERNATIONAL STANDARD BOOK NUMBER
International Standard Book Number 0062700464 (plain)
040 ## - CATALOGING SOURCE
Original cataloging agency DLC
Transcribing agency DLC
Modifying agency DLC
050 00 - LIBRARY OF CONGRESS CALL NUMBER
Classification number PE-591-1
082 00 - DEWEY DECIMAL CLASSIFICATION NUMBER
Classification number 423/.1
Edition number 20
300 ## - PHYSICAL DESCRIPTION
Dimensions 25 cm.
245 00 - TITLE STATEMENT
Title Roget's international thesaurus.
250 ## - EDITION STATEMENT
Edition statement 5th ed. /
Remainder of edition statement edited by Robert L. Chapman.
260 ## - PUBLICATION, DISTRIBUTION, ETC. (IMPRINT)
Place of publication, distribution, etc New York, NY :
Name of publisher, distributor, etc HarperCollins,
Date of publication, distribution, etc c1992.
300 ## - PHYSICAL DESCRIPTION
Extent xxv, 1141 p. ;
500 ## - GENERAL NOTE
General note Includes index.
650 #0 - SUBJECT ADDED ENTRY--TOPICAL TERM
Topical term or geographic name as entry element English language
General subdivision Synonyms and antonyms.
9 (RLIN) 29295
700 1# - ADDED ENTRY--PERSONAL NAME
Personal name Chapman, Robert L.,
Dates associated with a name 1920-2002.
9 (RLIN) 48915
906 ## - LOCAL DATA ELEMENT F, LDF (RLIN)
a 7
b cbc
c orignew
d 1
e ocip
f 19
g y-gencatlg
942 ## - ADDED ENTRY ELEMENTS (KOHA)
Source of classification or shelving scheme Library of Congress Classification
Koha item type Monograph ( Printed materials)
Holdings
Withdrawn status Lost status Source of classification or shelving scheme Damaged status Not for loan Collection code Home library Current library Shelving location Date acquired Total Checkouts Full call number Barcode Date last seen Date checked out Price effective from Koha item type
    Library of Congress Classification     Main Collection ARRUPE COLLEGE BOOKSTORE ARRUPE COLLEGE BOOKSTORE Main Collection 13/01/2020 1 PE-591-1 46600006133 14/02/2020 13/01/2020 13/01/2020 Monograph ( Printed materials)

 

Arrupe Library. PO Box MP320 Mt Pleasant, Harare, Zimbabwe
263 242 745411|librarian@aju.ac.zw